Работы из сучьев и стружек

Detalhes bibliográficos
Outros Autores: Федоров П. А. (составитель)
Idioma:russo
Publicado em: СПб., Политехника, 1992
Colecção:Промыслы и ремесла
Assuntos:
Formato: Livro
KOHA link:https://koha.lib.tpu.ru/cgi-bin/koha/opac-detail.pl?biblionumber=32349

MARC

LEADER 00000nam0a2200000 4500
001 32349
005 20231030204837.0
010 |a 5732502173 
035 |a (RuTPU)RU\TPU\book\32645 
035 |a BOOK00000041 
090 |a 32349 
100 |a 20011210d1992 m y0rusy50 ca 
101 0 |a rus 
102 |a RU 
105 |a a z 000zy 
200 1 |a Работы из сучьев и стружек  |f сост.: П. А. Федоров 
210 |a СПб.  |c Политехника  |d 1992 
215 |a 17 с.  |c ил. 
225 1 |a Промыслы и ремесла 
610 1 |a деревообработка 
610 1 |a сучья 
610 1 |a стружки 
610 1 |a предметы 
610 1 |a изготовление 
675 |a 674.6  |v 3 
702 1 |a Федоров  |b П. А.  |4 220 
801 0 |a RU  |b 63413507  |c 20011210  |g PSBO 
801 2 |a RU  |b 63413507  |c 20070703  |g PSBO 
942 |c BK